00241nam a2200097Ia 4500008004100000082001200041100001800053245005400071260000900125300000900134190415s9999 xx 000 0 und d aRR.0015 aReddy, A.K.N. 0aRural energy consumption patterns : A field study c1983 a32p.